[Event "CZE-chT2 0102"]
[Site "Czech Republic"]
[Date "2001.10.14"]
[Round "1.4"]
[White "Pfeifer, Miroslav"]
[Black "Vybiral, Zdenek"]
[Result "1-0"]
[WhiteElo "2201"]
[BlackElo "2249"]
[PlyCount "85"]
[EventDate "2001.10.??"]
[EventType "team"]
[EventRounds "11"]
[EventCountry "CZE"]
[SourceTitle "EXT 2006"]
[Source "ChessBase"]
[SourceDate "2005.11.24"]
[SourceVersion "1"]
[SourceVersionDate "2005.11.24"]
[SourceQuality "1"]

1. e4 c6 2. Nc3 d5 3. Nf3 Bg4 4. h3 Bxf3 5. Qxf3 Nf6 6. d3 e6 7. g4 h6 8. Bg2 Bb4 9. 0-0 Nbd7 10. Qg3 Qb6 11. a4 g5 12. Be3 d4 13. a5 Bxa5 14. Bxd4 Qxd4 15. Rxa5 e5 16. Rfa1 b5 17. R1a2 h5 18. Ne2 Qc5 19. c3 hxg4 20. hxg4 Rh4 21. Bf3 Ke7 22. d4 exd4 23. Nxd4 Kf8 24. Nf5 Rh7 25. Qd6+ Qxd6 26. Nxd6 Ne5 27. Bg2 Nfxg4 28. Rxa7 Rxa7 29. Rxa7 Kg7 30. Nf5+ Kf6 31. Ra8 Nh6 32. Nd4 Kg7 33. Rc8 Rh8 34. Rc7 Ra8 35. Nxc6 Ra1+ 36. Kh2 Nhg4+ 37. Kg3 Rb1 38. Nxe5 Nxe5 39. Rc5 Nd3 40. Rxg5+ Kh6 41. Rxb5 Nxb2 42. c4 f6 43. c5 1-0

[Event "Tatry op"]
[Site "Tatranske Zruby"]
[Date "2001.09.30"]
[Round "3"]
[White "Baumruk, Josef"]
[Black "Pfeifer, Miroslav"]
[Result "0-1"]
[WhiteElo "2112"]
[BlackElo "2201"]
[PlyCount "116"]
[EventDate "2001.09.29"]
[EventType "swiss"]
[EventRounds "9"]
[EventCountry "SVK"]
[SourceTitle "CBM 084 Extra"]
[Source "ChessBase"]
[SourceDate "2001.10.26"]
[SourceVersion "1"]
[SourceVersionDate "2001.10.26"]
[SourceQuality "1"]

1. e4 Nf6 2. d3 e5 3. g3 d5 4. exd5 Qxd5 5. Qf3 Qa5+ 6. Nc3 Nc6 7. h3 Bb4 8. Bd2 0-0 9. Qd1 Re8 10. a3 Bxc3 11. Bxc3 Qd5 12. Rh2 Nd4 13. Bg2 Qc5 14. Qd2 Nb5 15. Bb4 Qb6 16. a4 Nd4 17. Bc3 Bf5 18. 0-0-0 Rad8 19. g4 Bg6 20. f4 exf4 21. Qxf4 c5 22. Bh1 Nd5 23. Bxd5 Rxd5 24. h4 h5 25. gxh5 Rxh5 26. Bxd4 cxd4 27. Ne2 Rf5 28. Qxd4 Qc7 29. Rg2 Rd8 30. Qxa7 Ra5 31. Qg1 Rxa4 32. Rg4 Ra1+ 33. Kd2 Qa5+ 34. Nc3 Rxd1+ 35. Qxd1 Bh5 36. Rg5 Qxg5+ 37. hxg5 Bxd1 38. Kxd1 Kh7 39. Ke2 Kg6 40. Ne4 Rh8 41. Kd2 Rh2+ 42. Kc3 b6 43. b4 Kf5 44. b5 Ke5 45. Nd2 Kd5 46. Ne4 Rg2 47. Kb3 Kd4 48. Kb2 Rg1 49. Nd2 Kc5 50. c4 Kb4 51. Ne4 Rg4 52. c5 Rxe4 53. dxe4 Kxc5 54. Kc3 Kxb5 55. Kd4 Kc6 56. Ke5 b5 57. Kf5 b4 58. e5 b3 0-1

[Event "CZE-chTJ 0001"]
[Site "Czech Republic"]
[Date "2001.??.??"]
[Round "4"]
[White "Pfeifer, Miroslav"]
[Black "Mraz, Miroslav"]
[Result "1-0"]
[WhiteElo "2180"]
[BlackElo "2040"]
[PlyCount "159"]
[EventDate "2000.??.??"]
[EventType "team"]
[EventRounds "11"]
[EventCountry "CZE"]
[SourceTitle "EXT 2003"]
[Source "ChessBase"]
[SourceDate "2002.11.25"]
[SourceVersion "1"]
[SourceVersionDate "2002.11.25"]
[SourceQuality "1"]

1. d4 d5 2. Nc3 Nf6 3. Bg5 e6 4. e3 c5 5. Nf3 Nc6 6. Bd3 h6 7. Bh4 cxd4 8. exd4 Be7 9. 0-0 Bd7 10. Re1 0-0 11. Ne2 Nb4 12. Ne5 a6 13. Bxf6 Bxf6 14. Nf4 Nxd3 15. Qxd3 Rc8 16. c3 Bxe5 17. Rxe5 Bb5 18. Qg3 Kh7 19. Rae1 Bd7 20. h4 g6 21. R5e3 Qf6 22. Nd3 Ba4 23. Ne5 Rcd8 24. R3e2 Rg8 25. Ng4 Qg7 26. Qf4 Rgf8 27. Nf6+ Kh8 28. Re3 Bc2 29. Rg3 Bf5 30. Nh5 gxh5 31. Rxg7 Kxg7 32. Re3 Kh7 33. Rg3 Bg6 34. a4 Rc8 35. a5 Rg8 36. Qd6 Rcd8 37. Qe7 Rb8 38. Qc7 Rgc8 39. Qe7 Rg8 40. Qf6 Rbc8 41. Qe7 Rb8 42. Re3 Rge8 43. Qb4 Rec8 44. Re1 Rg8 45. Kh2 Be4 46. f3 Bg6 47. b3 Rgd8 48. Qe7 Re8 49. Qf6 Rbc8 50. Rc1 Rc6 51. Qe5 Rec8 52. Qe3 Kg7 53. Kg3 R8c7 54. Kf2 Rc8 55. Ke1 R8c7 56. Kd2 Rc8 57. Qe2 Rd8 58. Qe5+ Kh7 59. c4 dxc4 60. bxc4 Rdc8 61. c5 Rd8 62. Rc4 Rcc8 63. Rb4 Rd5 64. Qf6 Re8 65. g4 e5 66. Rxb7 Rxd4+ 67. Ke3 Rf4 68. Qb6 hxg4 69. fxg4 Rxg4 70. Rb8 Rxb8 71. Qxb8 Re4+ 72. Kf3 Bf5 73. Qb7 Rf4+ 74. Ke3 Be6 75. Qxa6 Rxh4 76. Qb5 Rh3+ 77. Ke4 Rb3 78. Qc6 h5 79. Kxe5 h4 80. Qe4+ 1-0

[Event "CZE-chTJ 0001"]
[Site "Czech Republic"]
[Date "2001.??.??"]
[Round "5"]
[White "Pfeifer, Miroslav"]
[Black "Simunek, Ales"]
[Result "1/2-1/2"]
[WhiteElo "2180"]
[BlackElo "2075"]
[PlyCount "24"]
[EventDate "2000.??.??"]
[EventType "team"]
[EventRounds "11"]
[EventCountry "CZE"]
[SourceTitle "EXT 2003"]
[Source "ChessBase"]
[SourceDate "2002.11.25"]
[SourceVersion "1"]
[SourceVersionDate "2002.11.25"]
[SourceQuality "1"]

1. e4 c5 2. f4 e6 3. Nf3 d5 4. Nc3 d4 5. Nb1 Nf6 6. d3 a6 7. a4 Nc6 8. g3 Bd7 9. Bh3 b5 10. Nbd2 Be7 11. 0-0 0-0 12. Rf2 Qc7 1/2-1/2

[Event "CZE-chTJ 0001"]
[Site "Czech Republic"]
[Date "2001.??.??"]
[Round "7"]
[White "Vitak, Pavel"]
[Black "Pfeifer, Miroslav"]
[Result "1/2-1/2"]
[WhiteElo "2150"]
[BlackElo "2180"]
[PlyCount "83"]
[EventDate "2000.??.??"]
[EventType "team"]
[EventRounds "11"]
[EventCountry "CZE"]
[SourceTitle "EXT 2003"]
[Source "ChessBase"]
[SourceDate "2002.11.25"]
[SourceVersion "1"]
[SourceVersionDate "2002.11.25"]
[SourceQuality "1"]

1. d4 d5 2. Nf3 Nc6 3. Bf4 Bg4 4. Nbd2 e6 5. e3 Bd6 6. Bxd6 Qxd6 7. Be2 f5 8. c4 Nf6 9. c5 Qe7 10. Bb5 0-0 11. Bxc6 bxc6 12. Qa4 Bxf3 13. Nxf3 Qe8 14. h3 f4 15. 0-0 Ne4 16. Rfe1 Rf6 17. exf4 Qh5 18. Re3 Raf8 19. Qxc6 Kh8 20. Rf1 Qh6 21. Ng5 Nd2 22. Rd1 Rxf4 23. Rxd2 Qxg5 24. Qxe6 Re4 25. Rxe4 Qxd2 26. Re2 Qxd4 27. Qe3 Qd1+ 28. Kh2 c6 29. Qe7 Rg8 30. Re6 Qc1 31. Qf7 h6 32. Rxc6 Qxb2 33. Qxd5 Qxf2 34. Qe5 Rf8 35. Rxh6+ Kg8 36. Qd5+ Rf7 37. Qd8+ Rf8 38. Qd5+ Rf7 39. Qa8+ Rf8 40. Qd5+ Rf7 41. Rh5 Qf4+ 42. Kg1 1/2-1/2

[Event "Klatovy op-A"]
[Site "Klatovy"]
[Date "2000.??.??"]
[Round "?"]
[White "Orsag, Milan"]
[Black "Pfeifer, Miroslav"]
[Result "1-0"]
[WhiteElo "2355"]
[BlackElo "2205"]
[PlyCount "111"]
[EventDate "2000.??.??"]
[EventType "swiss"]
[EventRounds "9"]
[EventCountry "CZE"]
[SourceTitle "EXT 2003"]
[Source "ChessBase"]
[SourceDate "2002.11.25"]
[SourceVersion "1"]
[SourceVersionDate "2002.11.25"]
[SourceQuality "1"]

1. d4 d5 2. Nf3 Nf6 3. c4 e6 4. Nc3 Nbd7 5. Qc2 Bb4 6. a3 Bxc3+ 7. Qxc3 Ne4 8. Qc2 0-0 9. Bf4 c6 10. e3 f6 11. h3 e5 12. Bh2 exd4 13. Nxd4 Ne5 14. f3 Nd6 15. c5 Ndc4 16. Kf2 Qe7 17. Bxc4 Nxc4 18. Rhe1 Qxc5 19. b3 Ne5 20. Qxc5 Nd3+ 21. Ke2 Nxc5 22. Bd6 Ne6 23. Nxe6 Bxe6 24. Bxf8 Kxf8 25. b4 Ke7 26. Kd3 Kd6 27. g4 Bf7 28. Rec1 Be8 29. Kd4 a5 30. h4 a4 31. Re1 b6 32. Rac1 Rc8 33. Red1 Rc7 34. h5 Bd7 35. Rd2 Bc8 36. Rb2 Ba6 37. Re1 h6 38. f4 Re7 39. Kc3 Re4 40. Rf2 Bc4 41. Kd2 c5 42. bxc5+ bxc5 43. Rg1 Ke6 44. g5 hxg5 45. fxg5 fxg5 46. Rxg5 Rh4 47. Rfg2 Rh1 48. e4 dxe4 49. Rxc5 Bd3 50. Rxg7 Rh2+ 51. Ke3 Rh3+ 52. Kd4 Bb1 53. Rg6+ Kf7 54. Rc7+ Kf8 55. Rb6 Rd3+ 56. Ke5 1-0

[Event "Klatovy op-A"]
[Site "Klatovy"]
[Date "2000.??.??"]
[Round "?"]
[White "Pfeifer, Miroslav"]
[Black "Cernik, Lukas"]
[Result "1/2-1/2"]
[WhiteElo "2205"]
[BlackElo "2055"]
[PlyCount "39"]
[EventDate "2000.??.??"]
[EventType "swiss"]
[EventRounds "9"]
[EventCountry "CZE"]
[SourceTitle "EXT 2003"]
[Source "ChessBase"]
[SourceDate "2002.11.25"]
[SourceVersion "1"]
[SourceVersionDate "2002.11.25"]
[SourceQuality "1"]

1. e4 Nc6 2. f4 d5 3. exd5 Qxd5 4. Nc3 Qd8 5. Nf3 Bf5 6. Bb5 e6 7. Ne5 Nge7 8. Qf3 Qd6 9. d3 f6 10. Nxc6 Nxc6 11. Be3 a6 12. Bxc6+ Qxc6 13. Qxc6+ bxc6 14. 0-0 Kd7 15. Na4 Rb8 16. b3 Be7 17. h3 h5 18. Rae1 h4 19. Nc5+ Bxc5 20. Bxc5 1/2-1/2

[Event "Klatovy op-A"]
[Site "Klatovy"]
[Date "2000.??.??"]
[Round "?"]
[White "Pfeifer, Miroslav"]
[Black "Lechtynsky, Jiri"]
[Result "1/2-1/2"]
[WhiteElo "2205"]
[BlackElo "2390"]
[PlyCount "92"]
[EventDate "2000.??.??"]
[EventType "swiss"]
[EventRounds "9"]
[EventCountry "CZE"]
[SourceTitle "EXT 2003"]
[Source "ChessBase"]
[SourceDate "2002.11.25"]
[SourceVersion "1"]
[SourceVersionDate "2002.11.25"]
[SourceQuality "1"]

1. e4 c6 2. d4 d5 3. Nc3 dxe4 4. Nxe4 Nf6 5. Nxf6+ exf6 6. c3 Bd6 7. Bd3 0-0 8. Ne2 Re8 9. 0-0 Nd7 10. Bf4 Qc7 11. Bxd6 Qxd6 12. Ng3 Nf8 13. Qf3 Be6 14. Ne4 Qc7 15. Rfe1 Rad8 16. Re3 Bd5 17. Rae1 Re6 18. Qg3 Qxg3 19. Nxg3 g6 20. Rxe6 Bxe6 21. Ne4 Nd7 22. b3 Kg7 23. f3 h6 24. Kf2 f5 25. Nd6 b6 26. Bc4 Nf8 27. Bxe6 Nxe6 28. Nc4 c5 29. dxc5 Nxc5 30. Nb2 Rd2+ 31. Re2 Rxb2 32. Rxb2 Nd3+ 33. Ke2 Nxb2 34. Kd2 Kf6 35. Kc2 Nc4 36. bxc4 Ke5 37. Kd3 f4 38. c5 bxc5 39. Kc4 Kd6 40. Kb5 Kd5 41. a4 g5 42. a5 a6+ 43. Kxa6 Kc6 44. Ka7 Kc7 45. h3 c4 46. Ka6 Kc6 1/2-1/2

[Event "Klatovy op-A"]
[Site "Klatovy"]
[Date "2000.??.??"]
[Round "?"]
[White "Pfeifer, Miroslav"]
[Black "Polak, Benedikt"]
[Result "1-0"]
[WhiteElo "2205"]
[BlackElo "2005"]
[PlyCount "75"]
[EventDate "2000.??.??"]
[EventType "swiss"]
[EventRounds "9"]
[EventCountry "CZE"]
[SourceTitle "EXT 2003"]
[Source "ChessBase"]
[SourceDate "2002.11.25"]
[SourceVersion "1"]
[SourceVersionDate "2002.11.25"]
[SourceQuality "1"]

1. e4 c5 2. f4 g6 3. Nf3 Bg7 4. Nc3 d6 5. Bc4 Nc6 6. 0-0 e6 7. d3 Nge7 8. Qe1 Nd4 9. Nxd4 cxd4 10. Ne2 0-0 11. Qf2 Nc6 12. Ng3 Ne7 13. f5 exf5 14. Bg5 Kh8 15. Bxe7 Qxe7 16. exf5 Qe3 17. Qxe3 dxe3 18. c3 gxf5 19. Rae1 Bh6 20. Nxf5 Bxf5 21. Rxf5 f6 22. Kf1 Rae8 23. Ke2 Re5 24. Ref1 Kg7 25. Bd5 b6 26. Be4 Rxf5 27. Rxf5 Re8 28. Rd5 Re6 29. g3 Kf7 30. Bxh7 Ke7 31. Rh5 Bf8 32. Bf5 Re5 33. Rh7+ Kd8 34. g4 Be7 35. d4 Rb5 36. b4 a5 37. a4 Rd5 38. b5 1-0

[Event "Klatovy op-A"]
[Site "Klatovy"]
[Date "2000.??.??"]
[Round "?"]
[White "Vitak, Pavel"]
[Black "Pfeifer, Miroslav"]
[Result "1-0"]
[WhiteElo "2085"]
[BlackElo "2205"]
[PlyCount "63"]
[EventDate "2000.??.??"]
[EventType "swiss"]
[EventRounds "9"]
[EventCountry "CZE"]
[SourceTitle "EXT 2003"]
[Source "ChessBase"]
[SourceDate "2002.11.25"]
[SourceVersion "1"]
[SourceVersionDate "2002.11.25"]
[SourceQuality "1"]

1. d4 d5 2. c4 e5 3. dxe5 d4 4. Nf3 Nc6 5. g3 Bf5 6. a3 a5 7. b3 f6 8. exf6 Nxf6 9. Bb2 Bc5 10. Bg2 Qd7 11. Nbd2 0-0 12. 0-0 Rae8 13. b4 axb4 14. Nb3 b6 15. axb4 Bxb4 16. Nbxd4 Nxd4 17. Nxd4 Bh3 18. e3 Bxg2 19. Kxg2 Ng4 20. Nf3 Bd6 21. h3 Nf6 22. Bxf6 Rxf6 23. Qd5+ Kh8 24. Ra8 c6 25. Rxe8+ Qxe8 26. Qd3 h6 27. Ra1 Bc5 28. Nh4 Rd6 29. Qc2 Rd8 30. Qf5 Rd2 31. Ra7 Bxe3 32. Re7 1-0

[Event "CZE-chTJ 9900"]
[Site "Czech Republic"]
[Date "1999.??.??"]
[Round "?"]
[White "Kratochvil, Milos"]
[Black "Pfeifer, Miroslav"]
[Result "1/2-1/2"]
[WhiteElo "2119"]
[BlackElo "2200"]
[PlyCount "29"]
[EventDate "1999.??.??"]
[EventType "team"]
[EventRounds "11"]
[EventCountry "CZE"]
[SourceTitle "EXT 2002"]
[Source "ChessBase"]
[SourceDate "2001.11.25"]
[SourceVersion "1"]
[SourceVersionDate "2001.11.25"]
[SourceQuality "1"]

1. d4 Nf6 2. c4 e6 3. Nc3 d5 4. cxd5 exd5 5. Bg5 Nbd7 6. e3 Bb4 7. Bd3 c5 8. Nge2 Qa5 9. 0-0 0-0 10. a3 Bxc3 11. Nxc3 c4 12. b4 Qb6 13. Bf5 Rd8 14. Qf3 Nf8 15. Bxc8 1/2-1/2

[Event "CZE-chTJ 9900"]
[Site "Czech Republic"]
[Date "1999.??.??"]
[Round "?"]
[White "Taborsky, Rostislav"]
[Black "Pfeifer, Miroslav"]
[Result "1-0"]
[WhiteElo "2208"]
[BlackElo "2200"]
[PlyCount "99"]
[EventDate "1999.??.??"]
[EventType "team"]
[EventRounds "11"]
[EventCountry "CZE"]
[SourceTitle "EXT 2002"]
[Source "ChessBase"]
[SourceDate "2001.11.25"]
[SourceVersion "1"]
[SourceVersionDate "2001.11.25"]
[SourceQuality "1"]

1. Nf3 Nf6 2. c4 e6 3. Nc3 d5 4. d4 Bb4 5. g3 0-0 6. Bg2 Ne4 7. Bd2 Nxd2 8. Qxd2 c6 9. 0-0 Nd7 10. a3 Be7 11. e4 dxc4 12. Rad1 Rb8 13. e5 Qc7 14. h4 Rd8 15. Rfe1 Nf8 16. Qe3 b5 17. Ne4 a5 18. Nfg5 Bb7 19. Nc5 Bxc5 20. dxc5 h6 21. Nh3 Rd5 22. Bxd5 cxd5 23. Nf4 Nd7 24. Nh5 Qxc5 25. Rd4 Qf8 26. Rg4 g6 27. Nf4 Kh7 28. Ne2 Qc5 29. Nd4 b4 30. axb4 axb4 31. f4 h5 32. Rg5 c3 33. bxc3 Qxc3 34. g4 Qxe3+ 35. Rxe3 hxg4 36. h5 Nc5 37. hxg6+ fxg6 38. Rxg4 Ba6 39. Rh3+ Kg7 40. Rhg3 Bd3 41. f5 Bxf5 42. Nxf5+ exf5 43. Rxg6+ Kh7 44. e6 f4 45. R3g4 b3 46. Rg7+ Kh6 47. R4g6+ Kh5 48. Rg2 Kh6 49. e7 Ne4 50. R7g6+ 1-0

[Event "Klatovy op-A"]
[Site "Klatovy"]
[Date "1998.??.??"]
[Round "?"]
[White "Pfeifer, Miroslav"]
[Black "Tejkal, Jiri"]
[Result "1/2-1/2"]
[WhiteElo "2180"]
[BlackElo "2010"]
[PlyCount "57"]
[EventDate "1998.??.??"]
[EventType "swiss"]
[EventRounds "9"]
[EventCountry "CZE"]
[SourceTitle "EXT 2000"]
[Source "ChessBase"]
[SourceDate "1999.11.16"]
[SourceVersion "1"]
[SourceVersionDate "1999.11.16"]
[SourceQuality "1"]

1. e4 c5 2. f4 d6 3. Nf3 Nf6 4. Nc3 e6 5. Bb5+ Bd7 6. Qe2 Be7 7. 0-0 0-0 8. Bxd7 Qxd7 9. a4 Nc6 10. d3 Rac8 11. Be3 a6 12. Kh1 Nb4 13. h3 d5 14. Bg1 b5 15. Ne5 Qb7 16. axb5 axb5 17. Ra5 dxe4 18. dxe4 Rfd8 19. Rfa1 Ra8 20. Rxa8 Rxa8 21. Rxa8+ Qxa8 22. Qxb5 Nxc2 23. Bxc5 Bxc5 24. Qxc5 h5 25. Qc7 Qa1+ 26. Kh2 Ne3 27. Qxf7+ Kh7 28. Qg6+ Kg8 29. Qf7+ 1/2-1/2

[Event "Klatovy op-A"]
[Site "Klatovy"]
[Date "1998.??.??"]
[Round "?"]
[White "Vrkoc, David"]
[Black "Pfeifer, Miroslav"]
[Result "1/2-1/2"]
[WhiteElo "2035"]
[BlackElo "2180"]
[PlyCount "37"]
[EventDate "1998.??.??"]
[EventType "swiss"]
[EventRounds "9"]
[EventCountry "CZE"]
[SourceTitle "EXT 2000"]
[Source "ChessBase"]
[SourceDate "1999.11.16"]
[SourceVersion "1"]
[SourceVersionDate "1999.11.16"]
[SourceQuality "1"]

1. c4 g6 2. g3 Bg7 3. Bg2 e5 4. Nc3 d6 5. Nf3 Ne7 6. 0-0 0-0 7. d4 Nd7 8. e4 f5 9. Bg5 h6 10. Bxe7 Qxe7 11. exf5 gxf5 12. Nh4 Qd8 13. dxe5 dxe5 14. Qd5+ Kh7 15. Rad1 c6 16. Qd3 Qg5 17. f4 exf4 18. Rxf4 Ne5 19. Qe2 1/2-1/2

[Event "Klatovy op-A"]
[Site "Klatovy"]
[Date "1997.??.??"]
[Round "?"]
[White "Juptner, Jan"]
[Black "Pfeifer, Miroslav"]
[Result "0-1"]
[WhiteElo "1905"]
[BlackElo "2155"]
[PlyCount "42"]
[EventDate "1997.??.??"]
[EventType "swiss"]
[EventRounds "9"]
[EventCountry "CZE"]
[SourceTitle "EXT 1998"]
[Source "ChessBase"]
[SourceDate "1997.11.17"]
[SourceVersion "1"]
[SourceVersionDate "1997.11.17"]
[SourceQuality "1"]

1. d4 Nf6 2. c4 g6 3. Nc3 Bg7 4. e4 d6 5. Nf3 0-0 6. Be2 Bg4 7. 0-0 Nfd7 8. Be3 e5 9. d5 f5 10. Ng5 Bxe2 11. Qxe2 Nc5 12. b4 f4 13. Bd2 Qxg5 14. bxc5 dxc5 15. g3 Nd7 16. Nb5 Qd8 17. d6 cxd6 18. Qd3 Nb6 19. Ba5 Qd7 20. Qxd6 Qh3 21. Nc7 Rf6 0-1

[Event "Klatovy op-A"]
[Site "Klatovy"]
[Date "1997.??.??"]
[Round "?"]
[White "Pfeifer, Miroslav"]
[Black "Dusbaba, Karel"]
[Result "1-0"]
[WhiteElo "2155"]
[BlackElo "1930"]
[PlyCount "87"]
[EventDate "1997.??.??"]
[EventType "swiss"]
[EventRounds "9"]
[EventCountry "CZE"]
[SourceTitle "EXT 1998"]
[Source "ChessBase"]
[SourceDate "1997.11.17"]
[SourceVersion "1"]
[SourceVersionDate "1997.11.17"]
[SourceQuality "1"]

1. e4 e6 2. d4 d5 3. Nc3 Bb4 4. e5 c5 5. a3 Bxc3+ 6. bxc3 Ne7 7. Nf3 Nbc6 8. Bd3 Bd7 9. dxc5 Qa5 10. 0-0 Ng6 11. Re1 Qxc5 12. Rb1 b6 13. h4 Na5 14. Ng5 Nc4 15. Bxc4 Qxc4 16. Bd2 Qc5 17. Rb4 h6 18. Nf3 Ne7 19. Nd4 Nc6 20. Nxc6 Bxc6 21. h5 0-0-0 22. Qe2 Kb8 23. Reb1 d4 24. a4 Rd7 25. Rc4 Qd5 26. f3 dxc3 27. Be3 Bb7 28. Rd4 Qc6 29. Rc4 Qd5 30. Rd4 Qc6 31. Rxd7 Qxd7 32. a5 Rc8 33. axb6 axb6 34. Rxb6 Rc6 35. Rb1 Rc7 36. Bb6 Rc8 37. Be3 Rc7 38. Bb6 Rc8 39. Be3 Rc7 40. Qa6 Qc6 41. Qa7+ Kc8 42. Qa3 Qe8 43. Bc5 Rc6 44. Qa7 1-0

[Event "Klatovy op-A"]
[Site "Klatovy"]
[Date "1997.??.??"]
[Round "?"]
[White "Pfeifer, Miroslav"]
[Black "Jurek, Josef"]
[Result "0-1"]
[WhiteElo "2155"]
[BlackElo "2415"]
[PlyCount "78"]
[EventDate "1997.??.??"]
[EventType "swiss"]
[EventRounds "9"]
[EventCountry "CZE"]
[SourceTitle "EXT 1998"]
[Source "ChessBase"]
[SourceDate "1997.11.17"]
[SourceVersion "1"]
[SourceVersionDate "1997.11.17"]
[SourceQuality "1"]

1. e4 e6 2. d4 d5 3. Nc3 Bb4 4. e5 c5 5. a3 Bxc3+ 6. bxc3 Ne7 7. Qg4 0-0 8. Bd3 f5 9. exf6 Rxf6 10. Bg5 Rf7 11. Qh4 h6 12. Bxe7 Rxe7 13. Nf3 Nc6 14. 0-0 c4 15. Bg6 Bd7 16. Rfe1 Be8 17. Bxe8 Qxe8 18. Ne5 Rc8 19. f4 Rcc7 20. Re3 Nxe5 21. Rxe5 Qa4 22. Qf2 Rc6 23. h4 Rf7 24. h5 Ra6 25. Qe2 Qd7 26. Qg4 Rf6 27. Rae1 Qf7 28. Qe2 Rxf4 29. Rxe6 Rxe6 30. Qxe6 Rf1+ 31. Kh2 Rxe1 32. Qxe1 Qxh5+ 33. Kg1 Qf5 34. Qg3 Qxc2 35. Qb8+ Kh7 36. Qxb7 Qxc3 37. Qxd5 Qd3 38. Qc5 c3 39. d5 Qb1+ 0-1

[Event "Klatovy op-A"]
[Site "Klatovy"]
[Date "1997.??.??"]
[Round "?"]
[White "Pfeifer, Miroslav"]
[Black "Kubikova, Hana"]
[Result "1-0"]
[WhiteElo "2155"]
[BlackElo "2195"]
[PlyCount "63"]
[EventDate "1997.??.??"]
[EventType "swiss"]
[EventRounds "9"]
[EventCountry "CZE"]
[SourceTitle "EXT 1998"]
[Source "ChessBase"]
[SourceDate "1997.11.17"]
[SourceVersion "1"]
[SourceVersionDate "1997.11.17"]
[SourceQuality "1"]

1. e4 c5 2. f4 d5 3. exd5 Nf6 4. Nc3 Nxd5 5. Nf3 Nc6 6. Bb5 Nxc3 7. bxc3 Qd5 8. 0-0 Bg4 9. h3 Bxf3 10. Qxf3 e6 11. f5 Qxf3 12. Rxf3 exf5 13. Rxf5 f6 14. d3 Rc8 15. Rb1 b6 16. Bf4 Kf7 17. Rd5 Be7 18. Rd7 Rhd8 19. Bxc6 Rxc6 20. Rxa7 g5 21. Bg3 c4 22. d4 Rd5 23. a4 h5 24. Rb5 Rxb5 25. axb5 Rc8 26. Bd6 Re8 27. Rb7 Kf8 28. Bxe7+ Rxe7 29. Rxb6 Re1+ 30. Kh2 Re2 31. Rxf6+ Kg7 32. Rc6 1-0

[Event "Klatovy op-A"]
[Site "Klatovy"]
[Date "1997.??.??"]
[Round "?"]
[White "Simandl, Karel"]
[Black "Pfeifer, Miroslav"]
[Result "0-1"]
[WhiteElo "2190"]
[BlackElo "2155"]
[PlyCount "26"]
[EventDate "1997.??.??"]
[EventType "swiss"]
[EventRounds "9"]
[EventCountry "CZE"]
[SourceTitle "EXT 1998"]
[Source "ChessBase"]
[SourceDate "1997.11.17"]
[SourceVersion "1"]
[SourceVersionDate "1997.11.17"]
[SourceQuality "1"]

1. e4 e5 2. Nf3 Nc6 3. Bb5 f5 4. Nc3 fxe4 5. Nxe4 Nf6 6. Qe2 d5 7. Nxf6+ gxf6 8. Nd4 Qd6 9. Qh5+ Kd8 10. Nf5 Bxf5 11. Qxf5 Nd4 12. Qd3 Qb4 13. c4 c6 0-1